Logo BPK

Biblioteka

Politechniki Koszalińskiej

Słownik terminów biologicznych / (Rekord nr 51969)

Szczegóły MARC
000 -ETYKIETA REKORDU
podpole kontrolne o stałej długości 00909nam a2200253 i 4500
001 - NUMER KONTROLNY REKORDU
pole kontrolne bg
015 ## - NUMER BIBLIOGRAFII NARODOWEJ
Numer bibliografii narodowej PB 5604/2006
020 ## - MIĘDZYNARODOWY ZNORMALIZOWANY NUMER KSIĄŻKI - ISBN
ISBN 8323216037
040 ## - ŹRÓDŁO KATALOGOWANIA
Instytucja, która utworzyła rekord BPK
041 0# - KOD JĘZYKA
Kod języka tekstu pol
080 ## - UNIWERSALNA KLASYFIKACJA DZIESIĘTNA - UKD
UKD 57/59(038)
920 ## - Międzynarodowy znormalizowany numer książki – ISBN
ISBN 83-232-1603-7
008 - POLE O STAŁEJ DŁUGOŚCI - DANE KONTROLNE
podpole kontrolne o stałej długości s pl f |000 0 pol
245 00 - TYTUŁ/ODPOWIEDZIALNOŚĆ
Tytuł Słownik terminów biologicznych /
Pozostałe elementy strefy tytułu i oznaczenia odpowiedzialności red. nauk. Jan Strzałko ; [aut. haseł Bogdan Jackowiak et al.] ; Uniwersytet im. Adama Mickiewicza w Poznaniu.
260 ## - STREFA ADRESU WYDAWNICZEGO
Miejsce wydania Poznań :
Nazwa wydawcy/dystrybutora Wydawnictwo Naukowe Uniwersytetu im. Adama Mickiewicza,
Data publikacji, dystrybucji/powstania dokumentu 2006.
300 ## - STREFA OPISU FIZYCZNEGO
Objętość 740, [1] s. ;
Rozmiary 24 cm.
500 ## - UWAGI OGÓLNE
Tekst uwagi Nazwy aut. na s. 5.
650 #9 - HASŁO PRZEDMIOTOWE W FORMIE NAZWY OGÓLNEJ LUB JEDNOSTKOWEJ
Nazwa ogólna lub geograficzna Biologia
Określnik ogólny terminologia
655 ## - TERMIN INDEKSOWY - OKREŚLENIE RODZAJU/FORMY DOKUMENTU
Określenie rodzaju/formy dokumentu Słowniki polskie
700 1# - HASŁO DODATKOWE - NAZWA OSOBOWA
Nazwa osobowa STRZAŁKO, Jan.
Określenie związku między hasłem a opisywanym materiałem Red.
700 1# - HASŁO DODATKOWE - NAZWA OSOBOWA
Nazwa osobowa JACKOWIAK, Bogdan
Daty związane z nazwą (1954- .)
856 ## - LOKALIZACJA I DOSTĘP DO ELEKTRONICZNYCH DOKUMENTÓW ZDALNYCH
Link (URL) http://koha.tu.koszalin.pl/cgi-bin/koha/opac-detail.pl?biblionumber=51969
Tekst linku Katalog online BPK
942 ## - DODATKOWE ELEMENTY (KOHA)
Typ dokumentu Książka
Egzemplarze
Wycofany Status egzemplarza Uszkodzony Dostępność Lokalizacja stała Lokalizacja bieżąca Miejsce przechowywania Sygnatura Kod kreskowy Dział Typ dokumentu
      Tylko na miejscu Biblioteka Politechniki Koszalińskiej Biblioteka Politechniki Koszalińskiej Czytelnia BG 79504 02310633 57 Nauki biologiczne Książka
      Tylko na miejscu Czytelnia Wydziału Elektroniki i Informatyki, Wydziału Architektury i Wzornictwa, Wydziału Inżynierii Mechanicznej i Energetyki oraz Wydziału Inżynierii Lądowej, Środowiska i Geodezji Czytelnia Wydziału Elektroniki i Informatyki, Wydziału Architektury i Wzornictwa, Wydziału Inżynierii Mechanicznej i Energetyki oraz Wydziału Inżynierii Lądowej, Środowiska i Geodezji Czytelnia Wydziałowa ul. Śniadeckich 2 79505 02310626 57 Nauki biologiczne Książka
© 2023 Biblioteka Politechniki Koszalińskiej :: KOHA